| 000 | 00707cam a2200229 a 4500 | ||
|---|---|---|---|
| 020 | _a0195517970 | ||
| 082 | 0 | 0 |
_a423.0994 _bAUS |
| 245 | 0 | 4 |
_aThe Australian Oxford dictionary / _cedited by Bruce Moore. |
| 250 | _a2nd Edition. | ||
| 260 |
_aMelbourne, Vic. ; _aNew York : _bOxford University Press, _c2004. |
||
| 300 |
_axviii, 1538p. : _bmap ; _c28 cm. |
||
| 563 | _aHB | ||
| 650 | 0 | _aEnglish language | |
| 650 | 0 |
_aAustralianisms _9123835 |
|
| 650 | 0 | _9123836 | |
| 700 | 1 |
_aMoore, Bruce, _d1947- _9123837 |
|
| 942 |
_2ddc _cREF |
||
| 999 |
_c609895 _d609895 |
||